000 01121nam a2200289 i 4500
001 103346
003 ES-MaACL
005 20250624062926.0
007 t|
008 060215s1969 sp a |||| | spa d
080 _a7.032.14 (083.82)
245 0 0 _aArte de la India
_b: [exposición, Sala de Santa Catalina del Ateneo de Madrid, abril de 1969] /
_c[Textos: Alberto Folch Rusiñol, Eudaldo Serra Güell, Carlos Areán].
260 _a[Madrid] :
_bPublicaciones Españolas,
_c[1969]
300 _a[30] p. :
_bil. ;
_c28 cm.
490 1 _aCuadernos de arte. Colección ordinaria ;
_v263
610 2 7 _aAteneo de Madrid-
_vExposiciones-
_y1960-1969.
_91920
650 1 4 _aArte indio-
_vExposiciones.
_910226
655 7 _2tgfbne
_9193628
_aCatálogos de exposiciones
700 1 _aFolch, Alberto.
_951436
700 1 _aSerra, Eudald.
_9105606
700 1 _aAreán, Carlos,
_d1921-1996
_922562
710 2 _aAteneo de Madrid.
_bSala de Santa Catalina.
_91964
830 0 _aCuadernos de arte. Colección ordinaria
_v263
_9180064
852 _aES-MaACL
_j2202-F-27
942 _2udc
999 _c103346
_d103346